[Event "PRO League Group Stage"]
[Site "chess.com INT"]
[Date "2017.02.15"]
[Round "6"]
[White "Tan, Justin2"]
[Black "Jensson, Einar Hjalti"]
[Result "1/2-1/2"]
[WhiteTitle "IM"]
[BlackTitle "IM"]
[WhiteElo "2451"]
[BlackElo "2386"]
[WhiteTeam "London Lions"]
[BlackTeam "Reykjavik Puffins"]
[WhiteFideId "3206882"]
[BlackFideId "2301067"]
[EventDate "2017.01.11"]

1. e4 e5 2. Nf3 Nc6 3. Bc4 Bc5 4. O-O Nf6 5. d3 d6 6. a4 a6 7. h3 Be6 8. Bxe6
fxe6 9. c3 Bb6 10. Na3 Qd7 11. Nc4 Ba7 12. b4 O-O 13. a5 Nh5 14. Kh2 Qf7 15. Be3
Nf4 16. Ra2 Qh5 17. Ng1 Qg6 18. g3 d5 19. Nxe5 Nxe5 20. Bxf4 Qf6 21. Bxe5 Qxe5
22. Qe1 dxe4 23. Qxe4 Qxc3 24. Qxe6+ Kh8 25. Qc4 Qe5 26. Re2 Qd6 27. Qe4 h6 28.
Nf3 Rae8 29. Ne5 Kg8 30. Qc4+ Kh7 31. Qe4+ Kg8 32. f4 Bd4 33. Rc1 c6 34. Rc4 Ba7
35. d4 Qe6 36. Kg2 Rd8 37. h4 Rfe8 38. h5 Qxc4 39. Nxc4 Rxe4 40. Rxe4 Rxd4 41.
Rxd4 Bxd4 42. Nd6 Bc3 43. Nxb7 Bxb4 44. Kf3 Kf7 45. Nd8+ Kf6 46. Nxc6 Be1 47. g4
Ke6 48. Nb8 Bxa5 49. Nxa6 Bb6 50. Ke4 Bf2 51. Nb4 Be1 52. Nd5 Bd2 53. Ne3 Bc1
54. Nf5 Bb2 55. Nd4+ Kd6 56. Nf3 Ke6 57. Ne5 Bc1 58. Nd3 Bd2 59. Nb2 Bc1 60. Nc4
Kf6 61. Kf3 Ke6 62. Ke4 Kf6 63. Nb6 Ke6 64. Nd5 Bb2 65. Ne3 Bc1 66. Nc4 Kf6 67.
Ne5 Ke6 68. Nf3 Kf6 69. Ng1 Ke6 70. Ne2 Bd2 71. Nd4+ Kf6 72. Nb5 Bc1 73. Nc7 Bd2
74. Nd5+ Ke6 75. f5+ Kd6 76. f6 gxf6 77. Nxf6 Ke6 78. Nd5 Bc1 79. Ne3 Kf6 80.
Nf5 Kg5 81. Kf3 Bd2 82. Ng3 Kh4 83. Nf5+ Kh3 84. Ng7 Bc1 85. Ne8 Bg5 86. Nd6 Bd2
87. Nf7 Bc1 88. Nh8 Kh4 89. Ng6+ Kh3 90. Nf4+ Kh4 91. Ne6 Kh3 92. Nc5 Kh4 93.
Nd3 Bd2 94. Ne5 Bc1 95. Ke4 Bb2 96. Nd3 Kxg4 97. Nxb2 Kxh5 98. Kf3 Kg6 99. Kg2 1/2-1/2

[Event "PRO League Group Stage"]
[Site "chess.com INT"]
[Date "2017.02.15"]
[Round "6"]
[White "Arkell, Keith C"]
[Black "Burg, Twan"]
[Result "1/2-1/2"]
[WhiteTitle "GM"]
[BlackTitle "GM"]
[WhiteElo "2438"]
[BlackElo "2508"]
[WhiteTeam "London Towers"]
[BlackTeam "Hamburg Swashbucklers"]
[WhiteFideId "400270"]
[BlackFideId "1010697"]
[EventDate "2017.01.11"]

1. d4 d5 2. Nf3 Nf6 3. c4 c6 4. Qc2 dxc4 5. Qxc4 Bf5 6. g3 e6 7. Bg2 Be7 8. O-O
Nbd7 9. Bg5 O-O 10. Nbd2 Ne4 11. Bxe7 Qxe7 12. Rfd1 Nb6 13. Qb3 Rfd8 14. Nh4
Nxd2 15. Rxd2 Bg4 16. Rad1 Bh5 17. Nf3 Nd5 18. Ne5 Nf6 19. Qc4 Nd7 20. Nd3 Bg6
21. Nf4 Bf5 22. e4 e5 23. dxe5 Bg4 24. f3 Nxe5 25. Rxd8+ Rxd8 26. Rxd8+ Qxd8 27.
Qc3 Qd1+ 28. Kf2 f6 29. h3 Bd7 30. Bf1 Qd6 31. h4 Be8 32. b4 Bf7 33. a3 b6 34.
Be2 Kf8 35. Nd3 h6 36. f4 Nxd3+ 37. Bxd3 g5 38. hxg5 hxg5 39. Ke3 gxf4+ 40. gxf4
Qe6 41. Be2 Ke7 42. Bf3 Qb3 43. Qxb3 Bxb3 44. Kd4 Kd6 45. e5+ fxe5+ 46. fxe5+
Kc7 47. Bg4 Ba4 48. Be6 Bd1 49. Bf5 Ba4 50. Be6 Bd1 51. Bf5 Ba4 52. Be6 1/2-1/2

[Event "PRO League Group Stage"]
[Site "chess.com INT"]
[Date "2017.02.15"]
[Round "6"]
[White "Delaney, Killian"]
[Black "Kleijn, Christov"]
[Result "1/2-1/2"]
[BlackTitle "IM"]
[WhiteElo "2230"]
[BlackElo "2437"]
[WhiteTeam "Dublin Desperados"]
[BlackTeam "Amsterdam Mosquitos"]
[WhiteFideId "2501570"]
[BlackFideId "1013564"]
[EventDate "2017.01.11"]

1. e4 c5 2. c3 d5 3. exd5 Qxd5 4. d4 Nf6 5. Nf3 e6 6. Na3 cxd4 7. Nb5 Qd8 8.
Qxd4 Qxd4 9. Nbxd4 a6 10. Be2 Bd6 11. O-O Bd7 12. Rd1 Ke7 13. Bg5 Nc6 14. Nxc6+
Bxc6 15. Nd4 Be4 16. Re1 h6 17. Bxf6+ Kxf6 18. Bxa6 Bxg2 19. Bc4 Bh3 20. Re3 Bg4
21. h3 Bf5 22. Nxf5 Kxf5 23. Rd1 Bf4 24. Red3 Rhc8 25. Bb3 Rc7 26. Rd7 Rac8 27.
Kg2 g5 28. Kf3 h5 29. Bc2+ Ke5 30. Re1+ Kf6 31. Red1 Be5 32. Bb1 Rxd7 33. Rxd7
Rc7 34. Rxc7 Bxc7 35. Be4 b6 36. Bc6 Ke7 37. b4 Be5 38. c4 Bc3 39. c5 bxc5 40.
bxc5 Bd4 41. a4 Bxc5 42. a5 f5 43. a6 Ba7 44. Ke2 h4 45. f3 Kd8 46. Kf1 Kc7 47.
Be8 Kd6 48. Ke2 Ke5 49. Kf1 Kf4 50. Kg2 e5 51. Bh5 g4 52. hxg4 e4 53. fxe4 fxg4
54. Bxg4 Kxg4 1/2-1/2

[Event "PRO League Group Stage"]
[Site "chess.com INT"]
[Date "2017.02.15"]
[Round "6"]
[White "Kim, Kristina"]
[Black "Kozak, Adam"]
[Result "0-1"]
[BlackTitle "FM"]
[WhiteElo "1875"]
[BlackElo "2338"]
[WhiteTeam "Shymkent Nomads"]
[BlackTeam "Budapest Gambit"]
[WhiteFideId "13712438"]
[BlackFideId "753246"]
[EventDate "2017.01.11"]

1. d4 d5 2. c4 e6 3. Nc3 c6 4. Nf3 Nf6 5. e3 Nbd7 6. Qc2 Bd6 7. Bd3 dxc4 8. Bxc4
b5 9. Be2 O-O 10. O-O Bb7 11. Rd1 Qb8 12. e4 e5 13. g3 Re8 14. dxe5 Nxe5 15. Bg5
Nxf3+ 16. Bxf3 Be5 17. Bg2 h6 18. Be3 a6 19. Bc5 Qc7 20. Rac1 Rad8 21. Rxd8 Rxd8
22. b4 Nd7 23. Be3 Qd6 24. a3 a5 25. Rd1 Qf6 26. Rd3 axb4 27. axb4 Nf8 28. Ne2
Rxd3 29. Qxd3 Bd6 30. Bd4 Qe7 31. Qc3 Bxb4 32. Qb2 Ne6 33. Be3 Bd6 34. Nc1 b4
35. Nd3 Ba6 36. Ne5 Bb5 37. Bf1 Qf6 38. f4 Bxe5 39. Qxe5 Qxe5 40. fxe5 Bxf1 41.
Kxf1 b3 42. Bc1 Nc5 43. Ke2 Na4 0-1

[Event "PRO League Group Stage"]
[Site "chess.com INT"]
[Date "2017.02.15"]
[Round "6"]
[White "Kim, Kristina"]
[Black "Mihok, Oliver"]
[Result "0-1"]
[BlackTitle "GM"]
[WhiteElo "1875"]
[BlackElo "2505"]
[WhiteTeam "Shymkent Nomads"]
[BlackTeam "Budapest Gambit"]
[WhiteFideId "13712438"]
[BlackFideId "728012"]
[EventDate "2017.01.11"]

1. d4 g6 2. e4 Bg7 3. Nc3 d6 4. Be3 a6 5. Qd2 b5 6. f3 Nd7 7. h4 h5 8. Nh3 Bb7
9. a4 b4 10. Nd1 c5 11. c3 bxc3 12. bxc3 Ngf6 13. Be2 Qa5 14. O-O O-O 15. Nb2
cxd4 16. cxd4 Qxd2 17. Bxd2 Nxe4 18. Be3 Nc3 19. Bd3 Nd5 20. Bf2 Nb4 21. Bc4 Nb6
22. Bb3 a5 23. Rfe1 e6 24. Ng5 d5 25. Nh3 Rfc8 26. Re2 Rc3 27. Bd1 Rac8 28. Be3
Rxe3 29. Rxe3 Bxd4 30. Ra3 Bxb2 31. Rab3 Bd4 32. Nf2 Bxe3 33. Rxe3 d4 0-1

[Event "PRO League Group Stage"]
[Site "chess.com INT"]
[Date "2017.02.15"]
[Round "6"]
[White "Skoberne, Jure"]
[Black "Indjic, Aleksandar"]
[Result "1/2-1/2"]
[WhiteTitle "GM"]
[BlackTitle "GM"]
[WhiteElo "2542"]
[BlackElo "2560"]
[WhiteTeam "Ljubljana Direwolves"]
[BlackTeam "Belgrade Sparrows"]
[WhiteFideId "14604299"]
[BlackFideId "911925"]
[EventDate "2017.01.11"]

1. d4 g6 2. e4 Bg7 3. Nc3 d6 4. f4 Nf6 5. Nf3 O-O 6. e5 dxe5 7. fxe5 Nd5 8. Bc4
Nb6 9. Be2 Nc6 10. Ne4 Bf5 11. Ng3 Bg4 12. c3 f6 13. exf6 exf6 14. O-O Re8 15.
h3 Qd6 16. hxg4 Qxg3 17. Nh2 Qd6 18. Bf4 Qd7 19. Bf3 Kh8 20. Re1 a5 21. Qb3 a4
22. Qb5 a3 23. bxa3 Nxd4 24. Qxd7 Nxf3+ 25. Nxf3 Nxd7 26. Rxe8+ Rxe8 27. Bxc7
Rc8 28. Ba5 Bf8 29. Rd1 Nc5 30. Bb4 Kg8 31. Rd5 Ne4 32. Rb5 Rc7 33. c4 Bc5+ 34.
Bxc5 Nxc5 35. Nd4 Kf7 36. Nc2 Nd3 37. Ne3 Re7 38. Nd5 Re1+ 39. Kh2 Ne5 40. Rxb7+
Ke6 41. Rb6+ Kf7 42. Rxf6+ Kg7 43. Rf4 g5 44. Rf5 h6 45. c5 Nxg4+ 46. Kg3 Ne5
47. Rf6 Rd1 48. Rd6 Rd3+ 49. Kf2 Rxa3 50. c6 Rxa2+ 51. Kg1 Ra1+ 52. Kh2 Ra3 53.
g3 Ra2+ 54. Kg1 Rd2 55. c7 Nf3+ 56. Kf1 Nh2+ 57. Ke1 Nf3+ 58. Kf1 Nh2+ 59. Ke1 1/2-1/2

[Event "PRO League Group Stage"]
[Site "chess.com INT"]
[Date "2017.02.15"]
[Round "6"]
[White "Sambuev, Bator"]
[Black "Garcia Cardenas, Pablo"]
[Result "1/2-1/2"]
[WhiteTitle "GM"]
[BlackTitle "IM"]
[WhiteElo "2539"]
[BlackElo "2424"]
[WhiteTeam "Toronto Dragons"]
[BlackTeam "Patagonia Penguins"]
[WhiteFideId "4128290"]
[BlackFideId "3406903"]
[EventDate "2017.01.11"]

1. d4 Nf6 2. Nf3 g6 3. Bg5 Bg7 4. Nbd2 d5 5. e3 O-O 6. Be2 c5 7. c3 Qb6 8. Qb3
Nc6 9. O-O Bf5 10. Qa3 cxd4 11. cxd4 h6 12. Bh4 Rac8 13. Rfc1 Rfe8 14. h3 g5 15.
Bg3 Nb4 16. Ne1 e6 17. Qb3 Ne4 18. Nxe4 Bxe4 19. a3 Nc2 20. Qxb6 axb6 21. Nxc2
Bxc2 22. Bb5 Red8 23. Kf1 Bb3 24. Ke1 Bc4 25. Ba4 Bf8 26. Bd1 Rc6 27. b3 Bb5 28.
Kd2 Ra8 29. Rxc6 Bxc6 30. a4 Bb4+ 31. Kc2 b5 32. Kb2 Be8 33. Bc7 Rc8 34. Rc1 Ra8
35. a5 Bxa5 36. Bxa5 Rxa5 37. Rc8 Kf8 38. b4 Ra7 39. f4 gxf4 40. exf4 Ke7 41. g4
Kd7 42. Rb8 f6 43. h4 Ke7 44. Bc2 b6 45. h5 f5 46. gxf5 exf5 47. Rxb6 Bxh5 48.
Rxh6 Bf7 49. Rb6 Rc7 50. Bd3 Be8 51. Rh6 Bd7 52. Rh7+ Kd6 53. Rg7 Kc6 54. Rg6+
Kb7 55. Rd6 Bc6 56. Rf6 Bd7 57. Rf7 Kc6 58. Kc3 Rc8 59. Kd2 Rh8 60. Rf6+ Kc7 61.
Bxf5 Rh2+ 62. Ke3 Bxf5 63. Rxf5 Rh3+ 64. Kf2 Kd6 65. Rf6+ Kc7 66. f5 Rd3 67. Re6
Kd7 68. Re5 Rxd4 69. Kg3 Rxb4 70. f6 Rb1 71. Kg4 Rf1 72. Kg5 Kd6 73. Re8 b4 74.
Kg6 Kc5 75. f7 b3 76. f8=Q+ Rxf8 77. Rxf8 Kd4 78. Kf5 b2 79. Rb8 Kc3 80. Ke5 Kc2
81. Kxd5 b1=Q 82. Rxb1 Kxb1 1/2-1/2

[Event "PRO League Group Stage"]
[Site "chess.com INT"]
[Date "2017.02.15"]
[Round "6"]
[White "Molner, Mackenzie"]
[Black "Liu, Aristo S"]
[Result "1-0"]
[WhiteTitle "GM"]
[WhiteElo "2450"]
[BlackElo "1969"]
[WhiteTeam "Montclair Sopranos"]
[BlackTeam "Columbus Cardinals"]
[WhiteFideId "2021722"]
[BlackFideId "30903483"]
[EventDate "2017.01.11"]

1. e4 e5 2. Nf3 Nc6 3. Bc4 Bc5 4. b4 Bxb4 5. c3 Ba5 6. d4 exd4 7. O-O Nf6 8. Ba3
d6 9. e5 Ng4 10. exd6 cxd6 11. Re1+ Nge5 12. cxd4 Bxe1 13. Qxe1 Qa5 14. dxe5
Qxe1+ 15. Nxe1 Nxe5 16. Bb3 Ke7 17. Nc3 Be6 18. Nb5 Rhd8 19. Rd1 Bxb3 20. axb3
Kf6 21. Nxd6 Ke6 22. f4 Nc6 23. Nf3 h6 24. f5+ Kf6 25. Re1 Rxd6 26. Bxd6 Kxf5
27. Ne5 Nxe5 28. Rxe5+ Kf6 29. Re3 g5 30. Be5+ Kg6 31. Rf3 f5 32. Rd3 Re8 33.
Rd6+ Kh7 34. Rd7+ Kg6 35. Rg7+ Kh5 36. Bd4 b6 37. Rxa7 Re4 38. Bf2 Rb4 39. Ra3
Kg4 40. Kf1 f4 41. Be1 Rb5 42. b4 Re5 43. Ra6 Rb5 44. Bc3 Kf5 45. Ke2 Ke4 46.
Ra8 h5 47. Re8+ Kf5 48. Kd3 Kg4 49. Kc4 Rf5 50. Re5 Rf6 51. Kb5 h4 52. h3+ Kh5
53. Rxg5+ Kxg5 54. Bxf6+ Kxf6 55. Kxb6 Ke6 56. Kc5 Kd7 57. Kd4 Kc6 58. Ke4 1-0

[Event "PRO League Group Stage"]
[Site "chess.com INT"]
[Date "2017.02.15"]
[Round "6"]
[White "Margvelashvili, Giorgi"]
[Black "Ruiz Castillo, Joshua Daniel"]
[Result "1/2-1/2"]
[WhiteTitle "GM"]
[BlackTitle "IM"]
[WhiteElo "2530"]
[BlackElo "2331"]
[WhiteTeam "Seattle Sluggers"]
[BlackTeam "Rio Grande Ospreys"]
[WhiteFideId "13602926"]
[BlackFideId "4400704"]
[EventDate "2017.01.11"]

1. Nf3 Nf6 2. c4 e6 3. b3 b6 4. Bb2 Bb7 5. g3 d5 6. Bg2 Nbd7 7. O-O Bd6 8. cxd5
exd5 9. Nc3 a6 10. Rc1 O-O 11. e3 Re8 12. Ne2 Rc8 13. Nf4 h6 14. d4 Ne4 15. Rc2
a5 16. Qc1 a4 17. Rd1 axb3 18. axb3 Nb8 19. Bh3 Na6 20. Bxc8 Qxc8 21. Ba3 Qg4
22. Bxd6 Qxf3 23. Ba3 c5 24. Re1 g5 25. Nd3 g4 26. Qd1 Ng5 27. Qxf3 Nxf3+ 28.
Kf1 Nxe1 29. Nxe1 Rc8 30. Nd3 c4 31. Nf4 b5 32. b4 Nc7 33. Bc1 Ra8 34. Ke2 Ra1
35. Kd2 Na6 36. Rb2 Ra4 37. Kc3 Ra1 38. Ne2 Bc8 39. e4 dxe4 40. d5 Ra3+ 41. Kd4
Rd3+ 42. Kxe4 Bb7 43. Nf4 Rd1 44. Bd2 Nc7 45. Ke5 c3 46. Bxc3 Nxd5 47. Nxd5
Rxd5+ 48. Kf4 h5 49. Rd2 Rxd2 50. Bxd2 f6 51. Bc3 Kf7 52. Ke3 Ke6 53. Bd4 Bg2
54. Bc3 Kf5 55. Bb2 Ke6 56. Bc3 Bf3 57. Bb2 Bg2 58. Bc3 f5 59. Bb2 Kd5 60. Bf6
Kc4 61. Be7 Be4 62. Kf4 Kd3 63. Kg5 Ke2 64. Bc5 Kf3 65. Kxh5 Kg2 66. Kg5 Kxh2
67. Kf4 Kg2 68. Ke3 Kf1 69. Bd6 Kg2 70. Bc5 Bf3 71. Kd2 Kf1 72. Be3 Be4 73. Kc3
Ke2 74. Kd4 Kf3 75. Kc5 Bd3 76. Kd4 Ke2 77. Ke5 Be4 78. Kd4 Bd3 79. Ke5 Be4 80.
Kd4 Bd3 81. Ke5 Be4 1/2-1/2

[Event "PRO League Group Stage"]
[Site "chess.com INT"]
[Date "2017.02.15"]
[Round "6"]
[White "Maze, Sebastien"]
[Black "Kleijn, Christov"]
[Result "1/2-1/2"]
[WhiteTitle "GM"]
[BlackTitle "IM"]
[WhiteElo "2613"]
[BlackElo "2437"]
[WhiteTeam "Dublin Desperados"]
[BlackTeam "Amsterdam Mosquitos"]
[WhiteFideId "613762"]
[BlackFideId "1013564"]
[EventDate "2017.01.11"]

1. e4 c5 2. Nf3 d6 3. Bb5+ Nc6 4. O-O Bd7 5. Re1 a6 6. Bf1 Bg4 7. c3 Nf6 8. h3
Bh5 9. d4 Bxf3 10. gxf3 e6 11. d5 Ne7 12. c4 e5 13. f4 exf4 14. e5 dxe5 15. Rxe5
Qd6 16. Bxf4 Nd7 17. Re4 Qg6+ 18. Bg2 O-O-O 19. Nc3 Nf5 20. Qg4 Nf6 21. Qxg6
hxg6 22. Ree1 Rh4 23. Ne2 Bd6 24. Bxd6 Nxd6 25. b3 Re8 26. Nc3 Rxe1+ 27. Rxe1
Kd8 28. Ne2 b5 29. cxb5 axb5 30. Rc1 c4 31. b4 Rh5 32. Nc3 Kd7 33. a4 bxa4 34.
Ra1 Rh8 35. Rxa4 Rb8 36. Ra7+ Rb7 37. Ra4 Nfe8 38. Kf1 Nc7 39. Ke2 Ndb5 40. Ne4
Ra7 41. Nc5+ Kd6 42. Rxa7 Nxa7 43. Nb7+ Kd7 44. Kd2 Nab5 45. Na5 c3+ 46. Kd3 Na6
47. Kc4 c2 48. Nb3 Na3+ 49. Kc3 Kd6 50. Kb2 Nc4+ 51. Kxc2 Nb6 52. Kc3 Nc7 53.
Nd4 Ncxd5+ 54. Kb3 Nf4 55. Bf1 Kd5 56. Nb5 f6 57. h4 Ke4 58. Nd6+ Kf3 59. Nc4
Kxf2 60. Nxb6 Kxf1 61. Kc4 g5 62. hxg5 fxg5 63. Nd5 Nxd5 64. Kxd5 g4 65. b5 g3
66. b6 g2 67. b7 g1=Q 68. b8=Q Qg2+ 69. Ke6 Qg6+ 70. Kd5 Qd3+ 71. Ke6 Qg6+ 72.
Kd5 Qf7+ 73. Ke4 Kg2 74. Qf4 Qe6+ 75. Kd3 Qd5+ 76. Ke2 g5 77. Qg4+ Kh2 78. Kf2
Qd2+ 79. Kf1 Qc1+ 80. Kf2 Qc2+ 81. Kf1 Qb1+ 82. Kf2 Qb2+ 83. Kf1 Qf6+ 84. Ke2
Qb2+ 85. Kf1 Qa1+ 86. Kf2 Qa2+ 87. Kf1 Qf7+ 88. Ke2 Qf6 89. Ke3 Qf1 90. Ke4 Qb1+
91. Ke5 Qg6 92. Qe2+ Kh3 93. Qf3+ 1/2-1/2

[Event "PRO League Group Stage"]
[Site "chess.com INT"]
[Date "2017.02.15"]
[Round "6"]
[White "Brown, Michael William"]
[Black "Rosenthal, Nicholas"]
[Result "1/2-1/2"]
[WhiteTitle "IM"]
[WhiteElo "2452"]
[BlackElo "2156"]
[WhiteTeam "San Diego Surfers"]
[BlackTeam "St Louis Arch Bishops"]
[WhiteFideId "2037602"]
[BlackFideId "2045150"]
[EventDate "2017.01.11"]

1. d4 e6 2. c4 f5 3. g3 Nf6 4. Bg2 d5 5. Nf3 c6 6. b3 Bd6 7. O-O Qe7 8. Bb2 O-O
9. Nbd2 Nbd7 10. Qc2 b6 11. Ne5 Bb7 12. Nd3 c5 13. cxd5 exd5 14. e3 Rac8 15.
dxc5 bxc5 16. Rfd1 Ne4 17. Nf4 Ndf6 18. Rac1 Nxf2 19. Bxf6 Qxe3 20. Nc4 dxc4 21.
Qxf2 Bxf4 22. Bxb7 Qxf2+ 23. Kxf2 Bxc1 24. Rxc1 gxf6 25. Bxc8 Rxc8 26. Rxc4 Kf7
27. Kf3 Ke6 28. Kf4 Rc7 29. h4 a5 30. Rc2 a4 31. Re2+ Kd5 32. Kxf5 axb3 33. axb3
Kd4 34. Kxf6 Rb7 35. Rd2+ Ke4 36. Rc2 Rxb3 37. Rxc5 Rxg3 38. h5 h6 39. Kf7 Kf4
40. Rc6 Rg5 41. Rxh6 Kg4 42. Rg6 Kxh5 43. Rxg5+ Kxg5 1/2-1/2

[Event "PRO League Group Stage"]
[Site "chess.com INT"]
[Date "2017.02.15"]
[Round "6"]
[White "Petesch, Gabriel N"]
[Black "Tarjan, James E"]
[Result "1/2-1/2"]
[WhiteTitle "FM"]
[BlackTitle "GM"]
[WhiteElo "2260"]
[BlackElo "2406"]
[WhiteTeam "Pittsburgh Pawngrabbers"]
[BlackTeam "Portland Rain"]
[WhiteFideId "2032465"]
[BlackFideId "2000180"]
[EventDate "2017.01.11"]

1. Nf3 Nf6 2. d4 d6 3. Bf4 g6 4. Qc1 h6 5. g3 Bg7 6. Bg2 Nbd7 7. c4 c5 8. dxc5
Nxc5 9. O-O Bd7 10. Nc3 Rc8 11. Rd1 Ne6 12. Nd2 Nxf4 13. gxf4 Bc6 14. Nf3 Qa5
15. Qd2 Qh5 16. Nd5 Bxd5 17. cxd5 O-O 18. Nd4 Rc5 19. Nb3 Rc7 20. Rac1 Rfc8 21.
Rxc7 Rxc7 22. Qe3 Ng4 23. Qg3 Nf6 24. Qe3 b6 25. h3 g5 26. fxg5 hxg5 27. Rd2 g4
28. hxg4 Qxg4 29. Qf3 Qxf3 30. Bxf3 Nd7 31. e3 a5 32. a4 Nc5 33. Nxc5 bxc5 34.
Be2 c4 35. Rc2 c3 36. bxc3 Rxc3 1/2-1/2

[Event "PRO League Group Stage"]
[Site "chess.com INT"]
[Date "2017.02.15"]
[Round "6"]
[White "Ajibola, Olanrewaju"]
[Black "Podvin, Francois-xavier"]
[Result "1/2-1/2"]
[WhiteElo "2192"]
[BlackElo "2145"]
[WhiteTeam "Abuja Rockstars"]
[BlackTeam "Cannes Blockbusters"]
[WhiteFideId "8500940"]
[BlackFideId "677540"]
[EventDate "2017.01.11"]

1. d4 Nf6 2. Nf3 e6 3. Nbd2 c5 4. c3 d5 5. e3 Nc6 6. Bd3 Bd6 7. O-O O-O 8. dxc5
Bxc5 9. e4 dxe4 10. Nxe4 Be7 11. Qe2 Qb6 12. Nfg5 Nxe4 13. Qxe4 f5 14. Qe2 Bxg5
15. Bxg5 e5 16. Bc4+ Kh8 17. Be3 Qc7 18. Bc5 Re8 19. Rad1 Be6 20. Bd6 Qf7 21.
Bb5 Bxa2 22. Bxc6 bxc6 23. Rfe1 e4 24. Qe3 Bd5 25. Qf4 h6 26. Be5 Kh7 27. h4 g5
28. hxg5 hxg5 29. Qxg5 Rxe5 30. Qh4+ Kg8 31. Re3 Re6 32. c4 Rg6 33. cxd5 cxd5
34. Rh3 Qg7 35. g3 Rg4 36. Qh6 Qxh6 37. Rxh6 Rd8 38. Rf6 Rg5 39. Rd4 Kg7 40. Ra6
f4 41. Rxa7+ Kf6 42. Kg2 Ke5 43. Rd1 fxg3 44. fxg3 Rb8 45. Rxd5+ Kxd5 46. Ra5+
Kd4 47. Rxg5 Rxb2+ 48. Kf1 Ke3 49. Rg8 Rf2+ 50. Ke1 Rg2 51. Kf1 Rf2+ 52. Ke1 Ra2
53. Kf1 Kf3 54. Rf8+ Kxg3 55. Ke1 Rh2 56. Rf7 Rh4 57. Ke2 Rf4 58. Rg7+ Rg4 59.
Rf7 Kh4 60. Ke3 Kg3 61. Rf8 Kg2 62. Rf4 Rxf4 63. Kxf4 e3 64. Kxe3 1/2-1/2

[Event "PRO League Group Stage"]
[Site "chess.com INT"]
[Date "2017.02.15"]
[Round "6"]
[White "Batchelor, Peter J"]
[Black "Gretarsson, Hjorvar Steinn"]
[Result "1/2-1/2"]
[WhiteTitle "FM"]
[BlackTitle "GM"]
[WhiteElo "2352"]
[BlackElo "2563"]
[WhiteTeam "London Lions"]
[BlackTeam "Reykjavik Puffins"]
[WhiteFideId "424854"]
[BlackFideId "2302241"]
[EventDate "2017.01.11"]

1. d4 f5 2. g3 Nf6 3. Bg2 g6 4. Nf3 Bg7 5. O-O O-O 6. c4 d6 7. Nc3 Qe8 8. Re1 e5
9. dxe5 dxe5 10. e4 fxe4 11. Ng5 Nc6 12. Ngxe4 Nxe4 13. Nxe4 Be6 14. Be3 Rd8 15.
Qe2 Nd4 16. Bxd4 Rxd4 17. b3 Qe7 18. Rad1 Rfd8 19. Rxd4 Rxd4 20. Rd1 Bf7 21. h4
h6 22. Nc3 Qd7 23. Bd5 Kh7 24. Qf3 Bxd5 25. Rxd4 exd4 26. Nxd5 c6 27. Nf4 Qf5
28. Qd3 Be5 29. Qxf5 gxf5 30. Nd3 Bd6 31. Kg2 h5 32. Kf3 Kg6 33. Ke2 f4 34. gxf4
Kf5 35. Kf3 c5 36. a3 a5 37. Ke2 b6 38. f3 Bxf4 39. Kf2 Bd6 40. Kg2 b5 41. a4
bxc4 42. bxc4 Be7 43. Kg3 Bf8 44. Kh3 Bd6 1/2-1/2

[Event "PRO League Group Stage"]
[Site "chess.com INT"]
[Date "2017.02.15"]
[Round "6"]
[White "Pichot, Alan"]
[Black "Bartell, Thomas"]
[Result "1/2-1/2"]
[WhiteTitle "GM"]
[BlackTitle "IM"]
[WhiteElo "2548"]
[BlackElo "2345"]
[WhiteTeam "Buenos Aires Krakens"]
[BlackTeam "Philadelphia Inventors"]
[WhiteFideId "110973"]
[BlackFideId "2017849"]
[EventDate "2017.01.11"]

1. e4 c6 2. Nf3 d5 3. Nc3 Bg4 4. h3 Bxf3 5. Qxf3 Nf6 6. d3 e6 7. Bd2 Bb4 8. a3
Ba5 9. e5 Nfd7 10. Qg3 Kf8 11. O-O-O c5 12. Be2 Nc6 13. f4 Nd4 14. Qf2 b5 15. f5
Bxc3 16. Bxc3 Nxf5 17. g4 Qh4 18. Qf4 Qg3 19. Rhf1 Qxf4+ 20. Rxf4 Ne3 21. Rg1 d4
22. Bd2 Nd5 23. Re4 Ke7 24. c4 dxc3 25. bxc3 c4 26. dxc4 bxc4 27. Bxc4 Rhc8 28.
Rf1 Rc5 29. Kc2 Rac8 30. Bxd5 Rxd5 31. Rfe1 Ra5 32. a4 Rc7 33. Bg5+ Ke8 34. Rd4
h6 35. Bh4 g5 36. Bf2 Nb6 37. Rb4 Nd5 38. Rb8+ Kd7 39. Bd4 Rxa4 40. Kb3 Rac4 41.
Rf1 Ke7 42. Rf3 a5 43. Ra8 a4+ 44. Rxa4 Rxa4 45. Kxa4 1/2-1/2

[Event "PRO League Group Stage"]
[Site "chess.com INT"]
[Date "2017.02.15"]
[Round "6"]
[White "Nakyp, Rakhimjan"]
[Black "Teglas, Balazs"]
[Result "1/2-1/2"]
[WhiteElo "2096"]
[BlackElo "2244"]
[WhiteTeam "Shymkent Nomads"]
[BlackTeam "Budapest Gambit"]
[WhiteFideId "13706438"]
[BlackFideId "727130"]
[EventDate "2017.01.11"]

1. c4 c5 2. Nc3 Nc6 3. g3 g6 4. Bg2 Bg7 5. Nf3 Rb8 6. O-O a6 7. d3 b5 8. Bf4 e5
9. Be3 Nd4 10. Nd2 Ne7 11. Nde4 d6 12. Bg5 h6 13. Bf6 O-O 14. Nd5 Bxf6 15.
Nexf6+ Kg7 16. e3 Nxd5 17. Nxd5 Nc6 18. b3 Be6 19. Qd2 Ne7 20. Nxe7 Qxe7 21. a4
bxc4 22. bxc4 Rb4 23. f4 Rfb8 24. fxe5 dxe5 25. Rf2 Qd6 26. Rd1 Rb1 27. Rxb1
Rxb1+ 28. Rf1 Rxf1+ 29. Bxf1 Bxc4 30. Qc3 Be6 31. Bg2 Bf5 32. Bf1 h5 33. Kf2 Bd7
34. Qc4 Bc6 35. Qxa6 Qf6+ 36. Kg1 Qf3 37. e4 h4 38. Qxc6 hxg3 39. hxg3 Qxg3+ 40.
Bg2 Qe1+ 41. Kh2 Qh4+ 42. Kg1 Qe1+ 43. Kh2 Qh4+ 44. Bh3 Qf2+ 45. Bg2 Qh4+ 46.
Kg1 Qe1+ 47. Kh2 Qh4+ 48. Kg1 Qe1+ 1/2-1/2

[Event "PRO League Group Stage"]
[Site "chess.com INT"]
[Date "2017.02.15"]
[Round "6"]
[White "Svane, Rasmus"]
[Black "Arkell, Keith C"]
[Result "1/2-1/2"]
[WhiteTitle "GM"]
[BlackTitle "GM"]
[WhiteElo "2560"]
[BlackElo "2438"]
[WhiteTeam "Hamburg Swashbucklers"]
[BlackTeam "London Towers"]
[WhiteFideId "4657101"]
[BlackFideId "400270"]
[EventDate "2017.01.11"]

1. Nf3 Nf6 2. c4 c5 3. Nc3 Nc6 4. e3 g6 5. d4 cxd4 6. exd4 d5 7. cxd5 Nxd5 8.
Qb3 Nxc3 9. Bc4 Nd5 10. Bxd5 e6 11. Bxc6+ bxc6 12. O-O Qd5 13. Be3 Qxb3 14. axb3
f6 15. Rfc1 Kd7 16. Nd2 Be7 17. Ra4 Bb7 18. Nc4 g5 19. Rca1 Kc7 20. Bd2 c5 21.
Na5 Bd5 22. Rc1 Kb6 23. Nc4+ Kb7 24. Na5+ Kb6 25. Be3 Rhc8 26. dxc5+ Bxc5 27.
Nc4+ Kb7 28. Na5+ Kb6 29. Nc4+ Kb7 30. Bxc5 Rxc5 31. Rca1 Bxc4 32. bxc4 a5 33.
b4 Rxc4 34. bxa5 Rxa4 35. Rxa4 Ka6 36. h4 h6 37. hxg5 hxg5 38. Ra3 Kb5 39. Rb3+
Kc4 40. Rb6 Rxa5 41. Rxe6 Rf5 42. f3 Kd5 43. Ra6 g4 44. Kf2 gxf3 45. gxf3 Rf4
46. Kg3 Rb4 47. Rxf6 Ke5 48. Rf8 Rb1 49. f4+ Ke6 50. Kg4 Rg1+ 51. Kf3 Ke7 52.
Rf5 Ke6 53. Rf8 Ke7 54. Ra8 Kf6 55. Ra6+ Kf5 56. Ra5+ Kf6 57. Ra6+ Kf5 58. Ra5+
Kf6 59. Ra6+ Kf5 60. Ra5+ 1/2-1/2